Database System Concepts (Record no. 3176)

MARC details
000 -LEADER
fixed length control field 00401nam a22001697a 4500
005 - DATE AND TIME OF LATEST TRANSACTION
control field 20160618165014.0
008 - FIXED-LENGTH DATA ELEMENTS--GENERAL INFORMATION
fixed length control field 160618b xxu||||| |||| 00| 0 eng d
020 ## - INTERNATIONAL STANDARD BOOK NUMBER
ISBN 007-124476-X
041 ## - LANGUAGE CODE
Language code of text/sound track or separate title eng
082 ## - DEWEY DECIMAL CLASSIFICATION NUMBER
Item number 8282
100 ## - MAIN ENTRY--AUTHOR NAME
Personal name Silber Schaty, Abraham
245 ## - TITLE STATEMENT
Title Database System Concepts
260 ## - PUBLICATION, DISTRIBUTION, ETC. (IMPRINT)
Name of publisher TMH
Year of publication 2006
300 ## - PHYSICAL DESCRIPTION
Number of Pages 1100
650 ## - SUBJECT ADDED ENTRY--TOPICAL TERM
Topical Term Information Technology
942 ## - ADDED ENTRY ELEMENTS (KOHA)
Koha item type Books
Holdings
Lost status Damaged status Collection code Home library Current library Shelving location Date acquired Full call number Accession Number Koha item type
    CS/IT JRU Library   SHELF-55-A 18/06/2016 005.74 8282 Books
    CS/IT JRU Library JRU Library SHELF-55-A 18/06/2016 005.74 8283 Books
    CS/IT JRU Library JRU Library SHELF-55-A 18/06/2016 005.74 8284 Books
    CS/IT JRU Library   SHELF-55-A 18/06/2016 005.74 8285 Books
    CS/IT JRU Library JRU Library SHELF-55-A 18/06/2016 005.74 8286 Books
    CS/IT JRU Library   SHELF-55-A 18/06/2016 005.74 8287 Books
    CS/IT JRU Library   SHELF-55-A 18/06/2016 005.74 8288 Books